| 000 | 00458nam a2200181 4500 | ||
|---|---|---|---|
| 001 | 44783 | ||
| 090 | _a44783 | ||
| 100 | _a20250918 pory50 | ||
| 101 |
_apor _ait _aing |
||
| 102 | _aPT | ||
| 200 |
_aRaffaello _eo príncipe das artes _farg. Laura Allievi |
||
| 210 |
_aItália _cFesta do Cinema Italiano .com _d2017 |
||
| 215 | _a1 DVD | ||
| 225 |
_aGrande Arte no Cinema _v3 |
||
| 300 | _aM/12 90 m. | ||
| 675 | _a7 | ||
| 801 |
_aPT _gRPC |
||
| 990 | _cFILMES DVD | ||